| 000 | 01213nam a2200241Ia 4500 | ||
|---|---|---|---|
| 003 | Ost | ||
| 005 | 20260507075424.0 | ||
| 008 | 260507s9999||||xx |||||||||||||| ||und|| | ||
| 020 | _a978995706976 | ||
| 040 | _cfsecg | ||
| 041 | _aara | ||
| 082 | _a330 | ||
| 100 |
_aالعلجوني، محمد محمود _eمؤلف |
||
| 245 | 0 |
_aالنظرية الإدارية الإسلامية : _bإستنباط الأسس والمبادئ / _c محمد محمود العلجوني |
|
| 260 |
_aعمان: _bدار المسيرة, _c2014 |
||
| 300 |
_a200 صفحة؛ _bإيضاحات ؛ _c25 سم |
||
| 504 | _aالمراجع ص.191 | ||
| 520 | _aيضم أسس النظرية الإدارية الإسلامية، الأساس التشريعي، النظرية الإدارية الإسلامية والإستنباط عقائدي، الاستباط العقائدي للنظرية الإدارية الإسلامية، النظريات والمدارس الإدارية الحديثة، المناهج(المدارس)الإدارية الحديثة . | ||
| 653 | _aإدارة- الشريعة الإسلامية | ||
| 653 | _aالإقتصاد الإسلامي | ||
| 653 | _aالمعاملات | ||
| 942 | _cكتاب | ||
| 999 |
_c44476 _d44476 |
||